All WWE WrestleMania Commentators - Statistics

General Stats
  • This quiz has been taken 163 times
    141 since last reset
  • The average score is 18 of 47
Answer Stats
First WM Commentated Hints Commentator % Correct
XV (1999) Michael Cole
95%
II (1986) Vince McMahon
89%
IX (1992) Jim Ross
85%
X (1993) Jerry Lawler
84%
33 (2017) Corey Graves
79%
I (1985) Gorilla Monsoon
74%
38 (2022) Pat McAfee
70%
41 (2025) Wade Barrett
70%
III (1987) Bobby Heenan
67%
XXVII (2011) Booker T
62%
XL (2024) World Heavyweight Title match CM Punk
62%
XIX (2003) Tazz
62%
23 (2007) John Bradshaw Layfield
61%
IX (1992) Randy Savage
61%
I (1985) Jesse Ventura
60%
X-7 (2001) Paul Heyman
53%
35 (2019) Renee Young
50%
13 (1997) WWF Championship match Shawn Michaels
45%
32 (2016) Byron Saxton
43%
XXIV (2008) Jonathan Coachman
41%
III (1987) 6-Man Tag Team match Mary Hart
39%
37 (2021) Samoa Joe
39%
22 (2006) Joey Styles
37%
XL (2024) Philly Street Fight match Snoop Dogg
37%
II (1986) Los Angeles portion Lord Alfred Hayes
31%
34 (2018) Kick-Off Women's Battle Royal Beth Phoenix
30%
II (1986) Chicago portion Gene Okerlund
27%
XXVI (2010) Matt Striker
26%
33 (2017) David Otunga
24%
32 (2016) Kick-Off show matches Mauro Ranallo
24%
33 (2017) Tom Phillips
23%
XXVII (2011) Josh Mathews
21%
34 (2018) Kick-Off Cruiserweight Title matches Vic Joseph
21%
39 (2023) Men's Showcase & IC Title matches Titus O'Neil
19%
34 (2018) Kick-Off Women's Battle Royal Paige
18%
38 (2022) Jimmy Smith
16%
II (1986) New York portion Susan Saint James
13%
13 (1997) Intercontinental Title match The Honky Tonk Man
13%
35 (2019) Kick-Off show matches Aiden English
11%
III (1987) Mixed Tag & / 6-Man Tag matches Bob Uecker
10%
34 (2018) Kick-Off Cruiserweight Title matches Nigel McGuinness
10%
II (1986) Los Angeles portion Elvira
9%
VII (1991) Barbarian & Haku vs. Rockers match Hacksaw Jim Duggan
8%
II (1986) Chicago portion Cathy Lee Crosby
6%
VII (1991) WWF Championship match Regis Philbin
6%
35 (2019) Kick-Off Women's Battle Royal Percy Watson
4%
II (1986) Chicago portion Ernie Ladd
3%
No matching quizzes found
Score Distribution
Percent of People with Each Score
Percentile by Number Answered
Your Score History
You have not taken this quiz since the last reset